00225nam a2200085Ia 4500008004100000100001800041245005600059260001500115300000900130190216s9999||||xx |||||||||||||| ||und|| aMaheswari S N 0aAdvanced Problems And Solutiions In Cost Accounting bNullc1982 a792p